| 000 | 00340nam a22001337a 4500 | ||
|---|---|---|---|
| 020 | _a9788120347113 | ||
| 040 | _cNUST | ||
| 082 |
_a621.042 _bSOL |
||
| 100 |
_aSolanki, Chetan Singh _918936 |
||
| 245 | _aSolar Photovoltaic Technology And Systems | ||
| 260 |
_aDelhi. : _bPHI, _c2013. |
||
| 300 |
_axiii, 306p. ; _c27 cm. |
||
| 942 |
_2ddc _cBK |
||
| 999 |
_c540516 _d540516 |
||